Padum Kuwori / (Record no. 4095)
[ view plain ]
| 000 -LEADER | |
|---|---|
| fixed length control field | 00585nam a2200217Ia 4500 |
| 001 - CONTROL NUMBER | |
| control field | 4107 |
| 008 - FIXED-LENGTH DATA ELEMENTS--GENERAL INFORMATION | |
| fixed length control field | 201209s ii a g b000 u asm u |
| 082 ## - DEWEY DECIMAL CLASSIFICATION NUMBER | |
| Classification number | 891.4141 |
| 100 ## - MAIN ENTRY--PERSONAL NAME | |
| Personal name | Bezbarua, Lakshminath. |
| 245 #0 - TITLE STATEMENT | |
| Title | Padum Kuwori / |
| Statement of responsibility, etc. | Lakshminath Bezbarua. |
| Medium | Textual Documents |
| 250 ## - EDITION STATEMENT | |
| Edition statement | 1st ed. / |
| 260 ## - PUBLICATION, DISTRIBUTION, ETC. | |
| Place of publication, distribution, etc. | Guwahati : |
| Name of publisher, distributor, etc. | Sahitya Prakash , |
| Date of publication, distribution, etc. | nd.. |
| 300 ## - PHYSICAL DESCRIPTION | |
| Extent | 80p. : |
| Other physical details | ill. ; |
| Dimensions | 18cm . |
| 653 ## - INDEX TERM--UNCONTROLLED | |
| Uncontrolled term | Assamese Novel |
| 653 ## - INDEX TERM--UNCONTROLLED | |
| Uncontrolled term | Assamese Literature |
| 653 ## - INDEX TERM--UNCONTROLLED | |
| Uncontrolled term | Assamese Fiction |
| 653 ## - INDEX TERM--UNCONTROLLED | |
| Uncontrolled term | PG-Assamese |
| 653 ## - INDEX TERM--UNCONTROLLED | |
| Uncontrolled term | G-Assamese |
| 653 ## - INDEX TERM--UNCONTROLLED | |
| Uncontrolled term | T/G-Assamese |
| 942 ## - ADDED ENTRY ELEMENTS (KOHA) | |
| Source of classification or shelving scheme | Dewey Decimal Classification |
| Koha item type | Books |
| Withdrawn status | Lost status | Damaged status | Not for loan | Home library | Current library | Date acquired | Coded location qualifier | Total checkouts | Full call number | Barcode | Date last seen | Copy number | Price effective from | Koha item type | Date last checked out |
|---|---|---|---|---|---|---|---|---|---|---|---|---|---|---|---|
| Dr. Suryya Kumar Bhuyan Library | Dr. Suryya Kumar Bhuyan Library | 01/02/2012 | 00000 | 991.4141 B 469 P | 34762 | 13/01/2024 | 4 | 01/02/2012 | Books | ||||||
| Dr. Suryya Kumar Bhuyan Library | Dr. Suryya Kumar Bhuyan Library | 01/02/2012 | 00000 | 991.4141 B 469 P | 324.1762 | 13/01/2024 | 3 | 01/02/2012 | Books | ||||||
| Dr. Suryya Kumar Bhuyan Library | Dr. Suryya Kumar Bhuyan Library | 01/02/2012 | 00000 | 991.4141 B 469 P | 324.17621 | 13/01/2024 | 2 | 01/02/2012 | Books | ||||||
| Dr. Suryya Kumar Bhuyan Library | Dr. Suryya Kumar Bhuyan Library | 01/02/2012 | 00000 | 1 | 891.4141 B 469 P | 33552 | 23/04/2024 | 1 | 01/02/2012 | Books | 27/03/2024 | ||||
| Dr. Suryya Kumar Bhuyan Library | Dr. Suryya Kumar Bhuyan Library | 01/02/2012 | 00000 | 991.4141 B 469 P | 34761 | 13/01/2024 | 5 | 01/02/2012 | Books |
